UNESCO World Heritage Sites by Continent - Click Quiz - Statistics

General Stats
  • This quiz has been taken 32 times
  • The average score is 18 of 20
Answer Stats
Hint Explanation Answer % Correct
Angkor Wat Cambodia 2. Asia
100%
Taj Mahal India 2. Asia
100%
Petra Jordan 2. Asia
100%
Acropolis Greece 3. Europe
100%
Colosseum Italy 3. Europe
100%
Forbidden City China 2. Asia
97%
Palace and Gardens of Schönbrunn Austria 3. Europe
97%
Uluru Australia 5. Oceania
97%
Machu Picchu Peru 6. South America
97%
Mont-Saint-Michel France 3. Europe
93%
Statue of Liberty United States 4. North America
93%
Iguazú National Park Argentina 6. South America
93%
Ancient Thebes (Luxor) Egypt 1. Africa
90%
Chichen Itza Mexico 4. North America
90%
Bikini Atoll Nuclear Test Site Marshall Islands 5. Oceania
86%
Historic Inner City of Paramaribo Suriname 6. South America
86%
Timbuktu Mali 1. Africa
83%
Robben Island South Africa 1. Africa
79%
Mammoth Cave National Park United States 4. North America
69%
Rapa Nui National Park Easter Island 5. Oceania
66%
No matching quizzes found
Score Distribution
Percent of People with Each Score
Percentile by Number Answered
Your Score History
You have not taken this quiz